Document d'indicadors socials : Santa Coloma de Gramenet / Santa Coloma de Gramenet /
Descripción Física:
53 pàgines : gràfics, taules ; 30 cm
Materias:
Indicadors socials -- Santa Coloma de Gramenet (Catalunya)
; Sabadell (Catalunya) -- Estadístiques
Idioma:
Español
MARC
| LEADER | 00000nam a2200000 a 4500 | ||
|---|---|---|---|
| 001 | 26502 | ||
| 008 | 220819s2000 spa||||| |||| 00| 0 spa d | ||
| 080 | |a Bib-915 | ||
| 245 | 0 | 0 | |a Document d'indicadors socials : |b Santa Coloma de Gramenet / |c realitzat pel Centre d'Investigació, Formació i Assessorament (CIFA) del Patronat Flor de Maig de la Diputació de Barcelona |
| 246 | 1 | 2 | |a Sistema d'indicadors socials del municipi de Santa Coloma de Gramenet |
| 260 | |a Barcelona : |b Centre d'Investigació, Formació i Assessorament, |c 2000 | ||
| 300 | |a 53 pàgines : |b gràfics, taules ; |c 30 cm | ||
| 500 | |a Títol a la coberta: Sistema d'indicadors socials del municipi de Santa Coloma de Gramenet | ||
| 504 | |a Bibliografia | ||
| 650 | 0 | |9 54235 |a Indicadors socials |z Santa Coloma de Gramenet (Catalunya) | |
| 651 | 0 | |a Sabadell (Catalunya) |v Estadístiques |9 54236 | |
| 710 | 2 | |a Centre d'Investigació, Formació i Assessorament |e entitat editora |9 53068 | |
| 942 | |2 udc |c ARXIU |n 1 | ||
| 952 | |0 0 |1 0 |4 0 |6 BIB915 |7 1 |9 63493 |a Arxiu |b Arxiu |d 2022-08-19 |l 0 |o Bib-915 |p 26502 |r 2022-08-19 00:00:00 |w 2022-08-19 |y ARXIU | ||
| 999 | |c 82608 |d 82608 | ||